Statistics for MLB Teams With Most Followers on X (Twitter)

Click here to take the quiz!

General Stats

  • This quiz has been taken 64 times
    (7 since last reset)
  • The average score is 9 of 11

Answer Stats

Number of FollowersMLB Team% Correct
2.2MBoston Red Sox
100%
2.6MChicago Cubs
100%
2.8MLos Angeles Dodgers
100%
3.8MNew York Yankees
100%
1.9MHouston Astros
86%
2.1MPhiladelphia Phillies
86%
1.7MSan Francisco Giants
86%
1.6MAtlanta Braves
71%
1.5MDetroit Tigers
71%
1.5MTexas Rangers
71%
2.4MToronto Blue Jays
29%

Score Distribution

Percentile by Number Answered

Percent of People with Each Score

Your Score History

You have not taken this quiz since the last reset